000 00563nam a2200181Ia 4500
005 20250508152859.0
008 008 250505s9999 xx 000 0 eng d
037 _aBooks to be hide in OPAC
040 _aFEDL
_beng
_cFEDL
041 _aeng
_2eng
084 _a745.444, SAN/O
_qFEDL
100 _aFinlay Ian F Tr.
_9762635
245 0 _aPioneers of modern art in the museum of the city of Amsterdam
260 _aNew York, USA
_bMcGraw-Hill Book Company
_c1961
300 _a444p.
942 _cHB
_h745.444, SAN/O
999 _c1339368
_d1339368